Central Library, Doon University
WEBOPAC (ONLINE PUBLIC ACCESS CATALOGUE)

Financial Markets and Financial Services (Record no. 61002)

MARC details
000 -LEADER
fixed length control field 00486nam a22001937a 4500
005 - DATE & TIME
control field 20260604123839.0
008 - FIXED-LENGTH DATA ELEMENTS--GENERAL INFORMATION
fixed length control field 260604b |||||||| |||| 00| 0 eng d
020 ## - ISBN
International Standard Book Number 9789352737895
Price 1025.00
040 ## - CATALOGING SOURCE
Original cataloging agency Doon University
041 ## - Language
Language English
082 ## - DDC NUMBER
Classification number 658.15
Book Number DES
100 ## - MAIN ENTRY--PERSONAL NAME
Personal name Desai, Vasant
245 ## - TITLE STATEMENT
Title Financial Markets and Financial Services
250 ## - EDITION STATEMENT
Edition statement 2nd
260 ## - PUBLICATION, DISTRIBUTION, ETC. (IMPRINT)
Place of publication, distribution, etc Mumbai
Name of publisher, distributor, etc Himalaya
Date of publication, distribution, etc 2018
300 ## - PHYSICAL DESCRIPTION
Pages 623
650 ## - Subject
Subject Economics (PM USHA)
942 ## - ADDED ENTRY ELEMENTS (KOHA)
Koha item type Books
100 ## - MAIN ENTRY--PERSONAL NAME
-- 3779
650 ## - Subject
-- 26774
952 ## - LOCATION AND ITEM INFORMATION (KOHA)
-- 2026-06-04
952 ## - LOCATION AND ITEM INFORMATION (KOHA)
-- 2026-06-04
952 ## - LOCATION AND ITEM INFORMATION (KOHA)
-- 2026-06-04
952 ## - LOCATION AND ITEM INFORMATION (KOHA)
-- 2026-06-04
952 ## - LOCATION AND ITEM INFORMATION (KOHA)
-- 2026-06-04
Holdings
Withdrawn status Lost status Source of classification or shelving scheme Damaged status Not for loan Location (home branch) Sublocation or collection (holding branch) Date acquired Koha full call number Accession No. Koha date last seen Koha item type Koha issues (times borrowed)
        Not For Loan Doon University Doon University 04.06.2026 658.15 DES 34512 04.06.2026 Reference  
          Doon University Doon University 04.06.2026 658.15 DES 34513 04.06.2026 Books  
          Doon University Doon University 04.06.2026 658.15 DES 34514 04.06.2026 Books  
          Doon University Doon University 04.06.2026 658.15 DES 34515 04.06.2026 Books  
          Doon University Doon University 04.06.2026 658.15 DES 34516 04.06.2026 Books  
Contact : +91-135-2533126 (Library),+91-135-2533105 (Admin Office) , Email : doonlibrary@gmail.com

Powered by Koha